Horaris, tarifes, itineraris : gener-abril 1934 / Autoòmnibus de Catalunya gener-abril 1934 / Autoòmnibus de Catalunya
Descripción Física:
197 p. ; 19 cm
MARC
| LEADER | 00000nam a2200000Ia 4500 | ||
|---|---|---|---|
| 001 | 9271 | ||
| 003 | BGR | ||
| 005 | 20260324175221.0 | ||
| 008 | 160829s9999 xx 000 0 cat d | ||
| 080 | |a C-1-528 | ||
| 110 | 2 | |9 70364 |a Autòmnibus de Catalunya | |
| 245 | |a Horaris, tarifes, itineraris : |b gener-abril 1934 / Autoòmnibus de Catalunya | ||
| 260 | |a Barcelona: |b Generalitat de Catalunya, Oficina de Turisme de Catalunya, [1934?] | ||
| 300 | |a 197 p. ; |c 19 cm | ||
| 650 | |a Autoòmnibus de Catalunya |9 20987 | ||
| 650 | |a Línies d'autobusos |x Catalunya |9 20988 | ||
| 650 | |a Transport de viatgers |x Dret i legislació |9 20989 | ||
| 710 | 1 | |9 70365 |a Oficina de Turisme de Catalunya | |
| 901 | |a Arxiu | ||
| 942 | |n 1 |2 udc |c MON | ||
| 952 | |0 0 |1 0 |4 0 |6 C1528 |7 1 |9 41766 |a Arxiu |b Arxiu |d 2016-12-01 |l 0 |o C-1-528 |p 9271 |r 2016-12-01 00:00:00 |w 2016-12-01 |y ARXIU | ||
| 999 | |c 43656 |d 43656 | ||